logo

Bir Sreshtho Munshi Abdur Rouf Library
Jhenaidah Cadet College

আবোল তাবোল / (Record no. 10368)

MARC details
000 -LEADER
fixed length control field 00611nam a2200217 a 4500
001 - CONTROL NUMBER
JCCL Control Number 10368
003 - CONTROL NUMBER IDENTIFIER
JCCL marc code BD-JhCC
005 - DATE AND TIME OF LATEST TRANSACTION
control field 20180425090153.0
008 - FIXED-LENGTH DATA ELEMENTS--GENERAL INFORMATION
fixed length control field 180425s2017 bg a|||| |||| 000 0 ben d
020 ## - INTERNATIONAL STANDARD BOOK NUMBER
International Standard Book Number 9847034301403
035 ## - SYSTEM CONTROL NUMBER
system control number (BD-JhCC)10368
040 ## - CATALOGING SOURCE
Original cataloging agency BD-JhCC
Modifying agency BD-JhCC
041 ## - LANGUAGE CODE
Language code of Book ben
082 ## - DEWEY DECIMAL CLASSIFICATION NUMBER
Classification number 891.4415
Author mark and Year ROY 2017
100 ## - MAIN ENTRY--PERSONAL NAME
Personal name রায়, সুকুমার
Fuller form of name 1887-1923
245 ## - TITLE STATEMENT
Title আবোল তাবোল /
Statement of responsibility, etc সুকুমার রায়
260 ## - PUBLICATION, DISTRIBUTION, ETC. (IMPRINT)
Place of publication, distribution, etc ঢাকা :
Name of publisher, distributor, etc বিভাস,
Date of publication, distribution, etc 2017
300 ## - PHYSICAL DESCRIPTION
Pagination 48 p. :
Other physical details ill. ;
Dimensions 24 cm.
650 ## - SUBJECT ADDED ENTRY--TOPICAL TERM
Topical term or geographic name as entry element Rhyme
942 ## - ADDED ENTRY ELEMENTS (KOHA)
Source of classification or shelving scheme Dewey Decimal Classification
Koha item type Books
Holdings
Source of classification or shelving scheme Damaged status Not for loan Home library Current library Shelving location Date of accession Cost, normal purchase price Total Checkouts Full call number Barcode Date last seen Copy number Koha item type
Dewey Decimal Classification     JCC Rouf Library JCC Rouf Library General Stacks 04/25/2018 120.00   891.4415 ROY 2017 13740 04/25/2018 C-1 Books
Dewey Decimal Classification     JCC Rouf Library JCC Rouf Library General Stacks 04/25/2018 120.00   891.4415 ROY 2017 13739 04/25/2018 C-2 Books

JCC Library | Contacts | JCC Home

Last Update on 23 September 2017
Copyright @ 2017-2020 JCC Rouf Library
Rouf Library, Jhenidah Cadet College (JCC), Bangladesh